• 首页
  • 本馆介绍
  • 公告通知
  • 最新文献
  • 馆藏检索
  • 电子资源
  • 读者导购
  • 参考咨询
  • 我的图书馆
  • 登录
  • 详细信息显示
  • 放入我的书架
  • 预约/预借图书
  • 作者相关作品
  • 分类相关作品
  • 丛书相关作品
  • 出版社相关作品

书目信息

  • 表格格式
  • 工作单格式
  • 卡片格式
题名:
现代汉语
    
 
作者: 黄汉生 主编
分册:  
出版信息: 北京   书目文献出版社  1988.8
页数: 485页
开本: 19厘米
丛书名:
单 册:
中图分类: H194.3 , H14
科图分类:
主题词: 汉语--语法
电子资源:
ISBN: 7-304-00293-X
000 00641nam0 2200229 45
001 1561996732
005 20150119171530.71
010    @a7-304-00293-X@dCNY1.15
020    @aCN@b89005867
100    @a19901017d1988 m y0chiy0120 ea
101 0  @achi
105    @ay z 000yy
200 10 @a现代汉语@Axian dai han yu@f黄汉生主编@Fhuang han sheng zhu bian
210    @a北京@c书目文献出版社@d1988.8
215    @a485页@d19厘米
540 1  @a现代 汉语@Axian dai han yu
606 0  @a汉语@x语法
690    @aH194.3@v1980
690    @aH14@v4
701  0 @a黄汉生@Ahuang han sheng@4主编
801  0 @aCN@bTSSF@c20150119
905    @aZUCC@dH14@eJY7
    
    现代汉语/黄汉生主编.-北京:书目文献出版社,1988.8
    485页;19厘米
    
    
    ISBN 7-304-00293-X:CNY1.15
    
●
相关链接 在E读中查询图书 在五车中查询图书 在当当中查询图书 在豆瓣中查询图书


正题名:现代汉语     索取号:H14/JY7         预约/预借

序号 登录号 条形码 馆藏地/架位号 状态 备注
1 7847384   278473849   学院路分馆/ [索取号:H14/JY7] 在馆    
2 7847385   278473858   学院路分馆/ [索取号:H14/JY7] 在馆    
3 7847386   278473867   学院路分馆/ [索取号:H14/JY7] 在馆    
4 7847387   278473876   学院路分馆/ [索取号:H14/JY7] 在馆    
5 7847388   278473885   学院路分馆/ [索取号:H14/JY7] 在馆    
6 7847389   278473894   学院路分馆/ [索取号:H14/JY7] 在馆    
唐山师范学院图书馆 欢迎您!
大连网信软件有限公司© 版权所有